<?xml version="1.0" encoding="UTF-8"?>
<record
    xmlns:xsi="http://www.w3.org/2001/XMLSchema-instance"
    xsi:schemaLocation="http://www.loc.gov/MARC21/slim http://www.loc.gov/standards/marcxml/schema/MARC21slim.xsd"
    xmlns="http://www.loc.gov/MARC21/slim">

  <leader>02026nam a22002297a 4500</leader>
  <controlfield tag="001">7840</controlfield>
  <controlfield tag="003">FISKH</controlfield>
  <controlfield tag="005">20250811160616.0</controlfield>
  <controlfield tag="008">250811b        cb ||||| |||| 00| 0 eng d</controlfield>
  <datafield tag="020" ind1=" " ind2=" ">
    <subfield code="a">9782021117707</subfield>
  </datafield>
  <datafield tag="040" ind1=" " ind2=" ">
    <subfield code="a">FISKH</subfield>
    <subfield code="b">eng</subfield>
    <subfield code="c">FISKH</subfield>
    <subfield code="d">FISKH</subfield>
  </datafield>
  <datafield tag="050" ind1=" " ind2=" ">
    <subfield code="a">PQ2712.O895 E513</subfield>
  </datafield>
  <datafield tag="082" ind1=" " ind2=" ">
    <subfield code="a">843.92 </subfield>
  </datafield>
  <datafield tag="100" ind1=" " ind2=" ">
    <subfield code="a">Louis, &#xC9;douard </subfield>
  </datafield>
  <datafield tag="245" ind1=" " ind2=" ">
    <subfield code="a">En finir avec Eddy Bellegueule /</subfield>
    <subfield code="c">By  &#xC9;douard Louis</subfield>
  </datafield>
  <datafield tag="260" ind1=" " ind2=" ">
    <subfield code="a">Paris : </subfield>
    <subfield code="b">Seuil , </subfield>
    <subfield code="c">2014.</subfield>
  </datafield>
  <datafield tag="300" ind1=" " ind2=" ">
    <subfield code="a">219 pages : </subfield>
    <subfield code="b">illustrations ;</subfield>
    <subfield code="c">21 cm . </subfield>
  </datafield>
  <datafield tag="520" ind1=" " ind2=" ">
    <subfield code="a">En finir avec Eddy Bellegueule &#xE9;tait finaliste au Goncourt du premier roman, au prix du Livre Inter, au prix France Culture T&#xE9;l&#xE9;rama, au prix RTL Lire et au prix Orange du livre, et &#xE9;tait en lice pour le prix Renaudot.Le premier roman d'un auteur de vingt-deux ans, d'une force et d'une maturit&#xE9; exceptionnelles.&#xC9;lev&#xE9; dans une famille ouvri&#xE8;re de Picardie, Eddy ne ressemble pas aux autres enfants. Sa mani&#xE8;re de se tenir, son &#xE9;locution, sa d&#xE9;licatesse lui valent de nombreuses humiliations et injures, tant par ses camarades de classe que par son p&#xE8;re alcoolique et sa m&#xE8;re rev&#xEA;che. Lui-m&#xEA;me finit par s&#x2019;interroger sur cette homosexualit&#xE9; dont on le taxe avant m&#xEA;me qu&#x2019;il &#xE9;prouve le moindre d&#xE9;sir. Mais la v&#xE9;ritable pers&#xE9;cution ne vient-elle pas du conditionnement social ? Il parviendra &#xE0; s&#x2019;arracher &#xE0; cette chape &#xE9;crasante, qui donne au r&#xE9;cit une allure zolienne, et &#xE0; imposer sa personnalit&#xE9; en poursuivant des &#xE9;tudes de th&#xE9;&#xE2;tre &#xE0; Amiens, loin de l&#x2019;enfer familial et villageois qu&#x2019;il a connu. Ce texte, psychologiquement frappant, dresse un tableau saisissant d&#x2019;un monde populaire brutal et sensiblement archa&#xEF;que. Mais la finesse de l&#x2019;auteur, par ailleurs sociologue, resitue dans un contexte social le drame familial qui aurait pu devenir une vraie trag&#xE9;die individuelle. Comment &#xE9;chapper &#xE0; la d&#xE9;termination ? Comment chaque &#xEA;tre peut-il inventer sa libert&#xE9; ?</subfield>
  </datafield>
  <datafield tag="650" ind1=" " ind2=" ">
    <subfield code="a">Picardie</subfield>
    <subfield code="v">French literature</subfield>
  </datafield>
  <datafield tag="942" ind1=" " ind2=" ">
    <subfield code="2">ddc</subfield>
    <subfield code="c">BK</subfield>
    <subfield code="n">0</subfield>
  </datafield>
  <datafield tag="999" ind1=" " ind2=" ">
    <subfield code="c">7840</subfield>
    <subfield code="d">7840</subfield>
  </datafield>
  <datafield tag="952" ind1=" " ind2=" ">
    <subfield code="0">0</subfield>
    <subfield code="1">0</subfield>
    <subfield code="2">ddc</subfield>
    <subfield code="4">0</subfield>
    <subfield code="7">0</subfield>
    <subfield code="8">FIC</subfield>
    <subfield code="a">002</subfield>
    <subfield code="b">002</subfield>
    <subfield code="c">LSHTTP</subfield>
    <subfield code="d">2025-08-11</subfield>
    <subfield code="l">0</subfield>
    <subfield code="o">LOU 843.92 PQ2712.O895 E513</subfield>
    <subfield code="p">2025-4064</subfield>
    <subfield code="r">2025-08-11 15:50:57</subfield>
    <subfield code="w">2025-08-11</subfield>
    <subfield code="y">BK</subfield>
  </datafield>
</record>
